书目信息 |
| 题名: |
人类遗传学
|
|
| 作者: | ;罗会元 | |
| 分册: | ||
| 出版信息: | 北京 人民卫生出版社 1999 |
|
| 页数: | 814页 | |
| 开本: | 26cm | |
| 丛书名: | ||
| 单 册: | ||
| 中图分类: | Q987 | |
| 科图分类: | ||
| 主题词: | 人类遗传学 | |
| 电子资源: | ||
| ISBN: | 7-117-03263-4 | |
| 000 | 00500nam0 2200181 450 | |
| 001 | 1551816805 | |
| 005 | 20150118142453.46 | |
| 010 | @a7-117-03263-4@b精装@dCNY112.00 | |
| 100 | @a20070817d km y0chiy0120 ea | |
| 101 | 0 | @achi |
| 200 | 1 | @a人类遗传学@Aren lei yi chuan xue@g罗会元@Gluo hui yuan |
| 210 | @a北京@c人民卫生出版社@d1999 | |
| 215 | @a814页@d26cm | |
| 606 | 0 | @a人类遗传学 |
| 690 | @aQ987@v3 | |
| 702 | 0 | @a罗会元@Aluo hui yuan |
| 801 | 0 | @aCN@bPFT@c20070817 |
| 905 | @a213230@dQ987@eJY1@f1 | |
| 人类遗传学/罗会元.-北京:人民卫生出版社,1999 |
| 814页;26cm |
| ISBN 7-117-03263-4(精装):CNY112.00 |
| ● |
| 相关链接 |
|
|
|
|
正题名:人类遗传学
索取号:Q987/JY1
 
预约/预借
| 序号 | 登录号 | 条形码 | 馆藏地/架位号 | 状态 | 备注 |
| 1 | 7848901 | 278489011 | 学院路分馆/ [索取号:Q987/JY1] | 在馆 | |
| 2 | 7848902 | 278489020 | 学院路分馆/ [索取号:Q987/JY1] | 在馆 |